000 00718nam a2200205 a 4500
008 100930s2006 ||||||||||||||||| || u
020 _a0728204924
050 _aHD 1387 Bon
100 _aBond, Patrick H
245 1 0 _aRating valuation: principles and practice. (2nd ed.)
250 _a2nd ed.
260 _aLondon:
_bEG Books
_c2006
300 _axxvi, 414p.: ill.
350 _a0.00
650 _aREAL PROPERTY TAX--GREAT BRITAIN
650 _aTAXATION
650 _aREAL PROPERTY--VALUATION--GREAT BRTAIN
700 _aBrown, Peter K
995 _D0.00
_FCBU-MAIN LIBRARY (Kitwe)
_H1
_I0.00
_M1
_UAVAILABLE
_WOct 7, 2010
_ZMain Library Open Access Collection
999 _c55600
_d55600